<?xml version="1.0" encoding="UTF-8"?>
<record
    xmlns:xsi="http://www.w3.org/2001/XMLSchema-instance"
    xsi:schemaLocation="http://www.loc.gov/MARC21/slim http://www.loc.gov/standards/marcxml/schema/MARC21slim.xsd"
    xmlns="http://www.loc.gov/MARC21/slim">

  <leader>01601    a2200253   4500</leader>
  <controlfield tag="001">53243</controlfield>
  <controlfield tag="005">20260407155806.0</controlfield>
  <controlfield tag="008">260407a2021    arg                 spa d</controlfield>
  <controlfield tag="003">AR-UNSa-BCEJYS</controlfield>
  <datafield tag="040" ind1=" " ind2=" ">
    <subfield code="a">AR-UNSa-BCEJYS</subfield>
    <subfield code="b">spa</subfield>
    <subfield code="c">AR-UNSa-BCEJYS</subfield>
  </datafield>
  <datafield tag="080" ind1=" " ind2=" ">
    <subfield code="a">336.221</subfield>
    <subfield code="x">Tributaci&#xF3;n</subfield>
  </datafield>
  <datafield tag="245" ind1="1" ind2="0">
    <subfield code="a">Procedimiento fiscal</subfield>
    <subfield code="p">explicado y comentado</subfield>
  </datafield>
  <datafield tag="020" ind1=" " ind2=" ">
    <subfield code="a">978-987-01-2685-0</subfield>
  </datafield>
  <datafield tag="250" ind1=" " ind2=" ">
    <subfield code="a">14a. ed.</subfield>
  </datafield>
  <datafield tag="264" ind1=" " ind2="1">
    <subfield code="a">Buenos Aires :</subfield>
    <subfield code="b">Errepar</subfield>
    <subfield code="c">2021</subfield>
  </datafield>
  <datafield tag="300" ind1=" " ind2=" ">
    <subfield code="a">x, 237 p.</subfield>
    <subfield code="c">27 cm.</subfield>
  </datafield>
  <datafield tag="505" ind1=" " ind2=" ">
    <subfield code="a">1. Procedimiento fiscal &#x2013; 2. Interpretaci&#xF3;n de leyes tributarias &#x2013; 3. Domicilio, t&#xE9;rminos y notificaciones &#x2013; 4. Relaci&#xF3;n jur&#xED;dico &#x2013; tributaria &#x2013; 5. Liquidaci&#xF3;n y percepci&#xF3;n de impuesto &#x2013; 6. Extinci&#xF3;n de la obligaci&#xF3;n tributaria &#x2013; 7. Verificaci&#xF3;n y fiscalizaci&#xF3;n &#x2013; 8. Intereses, actualizaci&#xF3;n e il&#xED;citos tributarios &#x2013; 9. Determinaci&#xF3;n de oficio &#x2013; 10. Acci&#xF3;n de repetici&#xF3;n &#x2013; 11. Recursos administrativos contra resoluciones de la AFIP &#x2013; 12. Recursos y demandas ante la justicia &#x2013; 13. Juicio de ejecuci&#xF3;n fiscal y pago provisorio de impuestos vencidos &#x2013; 14. Tribunal fiscal de la naci&#xF3;n. L.: 149/DR:76 A 87 &#x2013; 15. Procedimiento de acuerdo mutuo previsto en los convenios para evitar la doble imposici&#xF3;n internacional &#x2013; 16. Determinaciones conjuntas de precios de operaciones internacionales.</subfield>
  </datafield>
  <datafield tag="041" ind1=" " ind2=" ">
    <subfield code="a">spa</subfield>
  </datafield>
  <datafield tag="942" ind1=" " ind2=" ">
    <subfield code="c">BK</subfield>
  </datafield>
  <datafield tag="590" ind1=" " ind2=" ">
    <subfield code="a">niveau_biblio:m niveau_hierar:0</subfield>
  </datafield>
  <datafield tag="100" ind1="1" ind2=" ">
    <subfield code="a">Celdeiro, Ernesto Carlos</subfield>
  </datafield>
  <datafield tag="700" ind1="1" ind2=" ">
    <subfield code="a">Imirizaldu, Juan Jos&#xE9;</subfield>
  </datafield>
  <datafield tag="856" ind1="4" ind2="1">
    <subfield code="u">https://www.biblioeco.unsa.edu.ar/pmb/images/libros/L128386.jpg</subfield>
    <subfield code="y">Imagen de portada</subfield>
    <subfield code="q">image/jpeg</subfield>
  </datafield>
  <datafield tag="999" ind1=" " ind2=" ">
    <subfield code="c">5161</subfield>
    <subfield code="d">5161</subfield>
  </datafield>
  <datafield tag="952" ind1=" " ind2=" ">
    <subfield code="0">0</subfield>
    <subfield code="1">0</subfield>
    <subfield code="4">0</subfield>
    <subfield code="7">0</subfield>
    <subfield code="a">BCEJYS</subfield>
    <subfield code="b">BCEJYS</subfield>
    <subfield code="c">16</subfield>
    <subfield code="d">2026-04-07</subfield>
    <subfield code="l">0</subfield>
    <subfield code="o">336.221 C392 14ed.</subfield>
    <subfield code="p">L128386</subfield>
    <subfield code="r">2026-04-07 15:58:06</subfield>
    <subfield code="w">2026-04-07</subfield>
    <subfield code="y">L</subfield>
  </datafield>
  <datafield tag="952" ind1=" " ind2=" ">
    <subfield code="0">0</subfield>
    <subfield code="1">0</subfield>
    <subfield code="4">0</subfield>
    <subfield code="7">0</subfield>
    <subfield code="a">BCEJYS</subfield>
    <subfield code="b">BCEJYS</subfield>
    <subfield code="c">16</subfield>
    <subfield code="d">2026-04-07</subfield>
    <subfield code="l">0</subfield>
    <subfield code="o">336.221 C392 14ed.</subfield>
    <subfield code="p">L128387</subfield>
    <subfield code="r">2026-04-07 15:58:06</subfield>
    <subfield code="w">2026-04-07</subfield>
    <subfield code="y">L</subfield>
    <subfield code="z">CANTO SUPERIOR CON MANCHITA</subfield>
  </datafield>
  <datafield tag="952" ind1=" " ind2=" ">
    <subfield code="0">0</subfield>
    <subfield code="1">0</subfield>
    <subfield code="4">0</subfield>
    <subfield code="7">0</subfield>
    <subfield code="a">BCEJYS</subfield>
    <subfield code="b">BCEJYS</subfield>
    <subfield code="c">16</subfield>
    <subfield code="d">2026-04-07</subfield>
    <subfield code="l">0</subfield>
    <subfield code="o">336.221 C392 14ed.</subfield>
    <subfield code="p">L128388</subfield>
    <subfield code="r">2026-04-07 15:58:06</subfield>
    <subfield code="w">2026-04-07</subfield>
    <subfield code="y">L</subfield>
    <subfield code="z">H&#xDA;MEDO EN CANTO SUPERIOR</subfield>
  </datafield>
</record>
